000 00483nam a2200121 4500
245 _aWater quality criteria for European freshwater fish report on combined effects on freshwater fish and other aquatic life of mixtures of toxicants in water
100 _aFood and Agriculture Organization of the United Nations
260 _aRome
_bThe Author
_c1980
300 _a49p.; 28cm.
082 _a639.97709294
_bFOO
650 _aFishes,Freshwater-Europe
650 _aFreshwater Fishes Europe
999 _c28581
_d28581